Los buenos profesores en la mirada de padres y apoderados (Record no. 203345)
[ view plain ]
| 000 -CABECERA | |
|---|---|
| campo de control de longitud fija | 01815nab a2200301 a 4500 |
| 005 - FECHA Y HORA DE LA ÚLTIMA TRANSACCIÓN | |
| campo de control | 20260415064239.0 |
| 008 - ELEMENTOS DE LONGITUD FIJA--INFORMACIÓN GENERAL | |
| campo de control de longitud fija | 991125c2018 ck tr p o 000 0 spa d |
| 035 ## - NÚMERO DE CONTROL DEL SISTEMA | |
| Número de control de sistema | UPN01000231250 |
| 040 ## - FUENTE DE LA CATALOGACIÓN | |
| Centro catalogador/agencia de origen | MX-MxUPN |
| Lengua de catalogación | spa |
| Centro/agencia transcriptor | MX-MxUPN |
| Normas de descripción | aacr2 |
| 049 ## - COLECCIÓN | |
| Colección | ART-E |
| 100 1# - ASIENTO PRINCIPAL--NOMBRE PERSONAL | |
| Nombre de persona | Pérez Norambuena, Samuel |
| Enlace | - sperez@ubiobio.cl |
| 100 1# - ASIENTO PRINCIPAL--NOMBRE PERSONAL | |
| Nombre de persona | Linzmayer Gutiérrez, Luis |
| 245 14 - MENCIÓN DE TÍTULO | |
| Título | Los buenos profesores en la mirada de padres y apoderados |
| Medio | [recurso electrónico en línea] |
| 506 0# - NOTA DE RESTRICCIONES AL ACCESO | |
| Limitaciones de acceso | Acceso abierto |
| 520 3# - NOTA DE RESUMEN, ETC. | |
| Sumario, etc. | El objetivo del presente estudio es comprender qué significa ser un “buen profesor” para los padres y apoderados en un colegio vulnerable de Santiago, a partir de la identificación y descripción de las características de este actor educativo relevante. De una metodología cualitativa de análisis de los discursos, con enfoque fenomenológico, se dedujo que, a la hora de conceptualizar y caracterizar a un buen docente, los padres valoran la dimensión humana de este, con componentes afectivos que le permiten relacionarse empáticamente con los otros, lo que genera confianza y da apoyo formativo en la crianza de los hijos. Los padres buscan estar tranquilos respecto del presente y futuro de sus hijos y para ello necesitan la presencia de buenos profesores. |
| 650 #4 - ASIENTO SECUNDARIO DE MATERIA - TERMINO TEMATICO | |
| Término de materia o nombre geográfico como elemento de entrada | Evaluación educativa |
| 9 (RLIN) | 4298 |
| 650 #4 - ASIENTO SECUNDARIO DE MATERIA - TERMINO TEMATICO | |
| Término de materia o nombre geográfico como elemento de entrada | Evaluación del docente |
| 9 (RLIN) | 5198 |
| 650 #4 - ASIENTO SECUNDARIO DE MATERIA - TERMINO TEMATICO | |
| Término de materia o nombre geográfico como elemento de entrada | Familias |
| 9 (RLIN) | 44286 |
| 653 0# - TERMINO DE INDIZACION - NO CONTROLADO | |
| Término no controlado | Calidad educativa |
| 653 0# - TERMINO DE INDIZACION - NO CONTROLADO | |
| Término no controlado | Competencias docentes |
| 653 0# - TERMINO DE INDIZACION - NO CONTROLADO | |
| Término no controlado | Desempeño docente |
| 773 ## - ENLACE AL DOCUMENTO FUENTE/ENTRADA DE REGISTRO ANFITRIÓN | |
| Parte(s) relacionada(s) | Vol. 21, no. 3 (2018 ), p. 373-387 |
| Título | Educación y educadores |
| Número Internacional Normalizado para Publicaciones Seriadas | 2027-5358 |
| 856 40 - LOCALIZACIÓN Y ACCESO ELECTRÓNICOS | |
| Identificador Uniforme del Recurso | <a href="http://educacionyeducadores.unisabana.edu.co/index.php/eye/article/view/9290/4943">http://educacionyeducadores.unisabana.edu.co/index.php/eye/article/view/9290/4943</a> |
| 856 40 - LOCALIZACIÓN Y ACCESO ELECTRÓNICOS | |
| Identificador Uniforme del Recurso | <a href="10.5294/edu.2018.21.3.1">10.5294/edu.2018.21.3.1</a> |
| 902 ## - ELEMENTOS DE DATOS B LOCAL, LDB (RLIN) | |
| Creó | RGJD/300123 |
| Modificó | RGJD/300123 |
| 905 ## - TIPO DE MATERIAL | |
| Tipo de material | Articulo |
| 942 ## - ELEMENTOS DE PUNTO DE ACCESO ADICIONAL (KOHA) | |
| Tipo de ítem Koha | Artículo Electrónico |
| Estado de retiro | Estado de pérdida | Estado dañado | No para préstamo | Código de colección | Localización permanente | Ubicación/localización actual | Ubicación en estantería | Fecha de adquisición | Total de préstamos | Fecha visto por última vez | Identificador Uniforme del Recurso | Precio válido a partir de | Tipo de ítem Koha |
|---|---|---|---|---|---|---|---|---|---|---|---|---|---|
| Acceso abierto | Bib. Gregorio Torres Quintero | Bib. Gregorio Torres Quintero | En línea | 30/01/2023 | 30/01/2023 | http://educacionyeducadores.unisabana.edu.co/index.php/eye/article/view/9290/4943 | 30/01/2023 | Artículo Electrónico |
